000 00553nam a2200181Ia 4500
005 20250508161754.0
008 008 250505s9999 xx 000 0 eng d
037 _aTextual
040 _aFEDL
_beng
_cFEDL
041 _aeng
_2eng
084 _a973.3, FUR
_qFEDL
100 _aFurneaux Rupert
245 0 _aPictorial history of the American revolution as told by eyewitnesses and participants
260 _aDelhi, India
_bThomson Press (India) Ltd.
_c1975
300 _a400p
942 _cTEXL
_h973.3, FUR
999 _c1372091
_d1372091